=LDR 00000nam 2200000 4500 =001 INLIS000000000029541 =005 20130612131751 =008 ***********************************Ind** =035 ##$$a0010-061300000029541 =041 ##$$a Ind =082 ##$$a 418 =090 ##$$a 418, Mus a =100 ##$$a Musaddat, Syaiful =245 ##$$a Aplikasi bahasa Indonesia, pemahaman ke arah penyusunan karya ilmiah, oleh Syaiful Musaddat =260 ##$$a 2006 $b Yogyakarta =300 ##$$a viii, 84 hlm, ilus, 21 cm =650 ##$$a Bahasa Indonesia-Pemakaian =850 ##$$a NBPNMAT =990 ##$$a 93649/BPAP-NTB/2014 =990 ##$$a 33583358